[Event "FIDE World Rapid Team"]
[Site "Almaty KAZ"]
[Date "2024.08.02"]
[Round "2.31"]
[White "Teclaf, Pawel"]
[Black "Utegaliyev, Azamat"]
[Result "1/2-1/2"]
[WhiteTitle "GM"]
[WhiteElo "2553"]
[BlackElo "2418"]
[WhiteTeam "Q4Rail Kingsofchess Krakow"]
[BlackTeam "Greco"]
[WhiteFideId "1185934"]
[BlackFideId "13702467"]
[EventDate "2024.08.02"]

1. Nf3 Nf6 2. g3 g6 3. b3 Bg7 4. Bb2 O-O 5. Bg2 d6 6. d4 Bf5 7. O-O Qc8 8. c4
Bh3 9. Nbd2 Bxg2 10. Kxg2 Nc6 11. d5 Nb4 12. a3 Na6 13. Rc1 c6 14. e4 Nc5 15.
Qc2 a5 16. Bd4 Ncd7 17. Rfe1 Re8 18. Bb2 e5 19. dxc6 bxc6 20. b4 axb4 21. axb4
Qb7 22. Rb1 d5 23. exd5 cxd5 24. Nxe5 dxc4+ 25. Nef3 Rxe1 26. Rxe1 Rc8 27. Bc3
Nd5 28. Bxg7 Kxg7 29. Nxc4 Qxb4 30. Qb2+ Qxb2 31. Nxb2 Rc2 32. Nd3 N7f6 33. h3
h6 34. Nfe5 Rc7 35. Rc1 Rxc1 36. Nxc1 Ne4 37. Ncd3 h5 38. Kf3 Ng5+ 39. Kg2 Ne4
40. Kf3 Ng5+ 41. Kg2 1/2-1/2

[Event "FIDE World Rapid Team"]
[Site "Almaty KAZ"]
[Date "2024.08.02"]
[Round "2.32"]
[White "Aligozhin, Zhaslan"]
[Black "Gareyev, Timur"]
[Result "0-1"]
[WhiteTitle "FM"]
[BlackTitle "GM"]
[WhiteElo "2333"]
[BlackElo "2541"]
[WhiteTeam "Greco"]
[BlackTeam "Q4Rail Kingsofchess Krakow"]
[WhiteFideId "13702734"]
[BlackFideId "14200937"]
[EventDate "2024.08.02"]

1. e4 e5 2. Nf3 Nc6 3. Nc3 Nf6 4. d4 Bb4 5. Nxe5 O-O 6. Qd3 Re8 7. Bd2 Nxe5 8.
dxe5 Rxe5 9. O-O-O d6 10. a3 Ba5 11. Re1 Bd7 12. f4 Re6 13. Qg3 Bc6 14. Bd3 Qf8
15. e5 Nd5 16. b4 Bb6 17. b5 dxe5 18. bxc6 Qxa3+ 19. Kb1 Bd4 0-1

[Event "FIDE World Rapid Team"]
[Site "Almaty KAZ"]
[Date "2024.08.02"]
[Round "2.33"]
[White "Bernadskiy, Vitaliy"]
[Black "Askarov, Bakhtiyar"]
[Result "1-0"]
[WhiteTitle "GM"]
[BlackTitle "IM"]
[WhiteElo "2530"]
[BlackElo "2280"]
[WhiteTeam "Q4Rail Kingsofchess Krakow"]
[BlackTeam "Greco"]
[WhiteFideId "14100371"]
[BlackFideId "13701100"]
[EventDate "2024.08.02"]

1. e4 e6 2. d4 d5 3. Nd2 dxe4 4. Nxe4 Bd7 5. Nf3 Bc6 6. Ned2 Nf6 7. Nc4 Nbd7 8.
c3 Be7 9. Bd3 O-O 10. O-O Bxf3 11. Qxf3 c6 12. Re1 Nd5 13. Qh3 g6 14. Bh6 Re8
15. Qg3 Bf8 16. Bd2 N7f6 17. Ne5 Bg7 18. Bg5 Nh5 19. Qf3 Qc7 20. g4 h6 21. gxh5
hxg5 22. hxg6 f6 23. Nf7 Qf4 24. Qg3 Re7 25. Re4 Qd2 26. Re2 Qf4 27. Rae1 Rae8
28. Bc4 Bf8 29. Qh3 Qh4 30. Qxh4 gxh4 31. Re4 Kg7 32. Bd3 f5 33. Rxh4 Kxg6 34.
Ne5+ Kf6 35. Kh1 Rg7 36. Rg1 Rxg1+ 37. Kxg1 Bg7 38. Kf1 Kg5 39. Nf3+ Kg6 40.
Rg4+ Kf7 41. Rg3 Bf6 42. Bc4 Nf4 43. Ke1 b5 44. Bf1 Rd8 45. h4 a5 46. Rg1 b4 47.
Bc4 bxc3 48. bxc3 Rb8 49. Kd2 Rb2+ 50. Ke3 Nh5 51. Ng5+ Ke7 52. Be2 f4+ 53. Kd3
Ng7 54. h5 Nf5 55. Ne4 Rxa2 56. Rb1 Bg7 57. Rb7+ Kf8 58. Ng5 Bh6 59. Nxe6+ Ke8
60. Rh7 f3 61. Bxf3 Rd2+ 62. Kc4 Nd6+ 63. Kc5 Nf7 64. Bxc6+ Ke7 65. f4 Kf6 66.
Be8 a4 67. Bxf7 a3 68. Rxh6+ Kxf7 69. Ng5+ 1-0

[Event "FIDE World Rapid Team"]
[Site "Almaty KAZ"]
[Date "2024.08.02"]
[Round "2.34"]
[White "Suleyev, Alen"]
[Black "Gumularz, Szymon"]
[Result "1/2-1/2"]
[WhiteTitle "FM"]
[BlackTitle "GM"]
[WhiteElo "2084"]
[BlackElo "2571"]
[WhiteTeam "Greco"]
[BlackTeam "Q4Rail Kingsofchess Krakow"]
[WhiteFideId "13707213"]
[BlackFideId "1188062"]
[EventDate "2024.08.02"]

1. d4 e6 2. c4 b6 3. Nc3 Bb4 4. Qc2 Bb7 5. Bd2 Nf6 6. Nf3 O-O 7. e3 c5 8. a3
Bxc3 9. Bxc3 Ne4 10. Be2 d6 11. O-O Nxc3 12. Qxc3 Qe7 13. dxc5 bxc5 14. Nd2 a5
15. b4 axb4 16. axb4 cxb4 17. Qxb4 Na6 18. Qc3 Nc5 19. Bf3 h6 20. Rfb1 Bxf3 21.
Nxf3 e5 22. Nd2 Qe6 23. h3 Rfc8 24. Rxa8 Rxa8 25. Ra1 Rb8 26. Rb1 Ra8 27. Ra1
Rc8 28. Qc2 g6 29. Rc1 Kg7 30. Nb3 Nd7 31. Qd3 Rb8 32. Rc3 Rb4 33. Qc2 Nc5 34.
Nxc5 dxc5 35. Qe4 Rb2 36. Rc2 Rb1+ 37. Kh2 Rb4 38. Qd3 e4 39. Qc3+ Qf6 40. Kg3
Qxc3 41. Rxc3 f5 42. f3 g5 43. h4 Kg6 44. hxg5 Kxg5 45. fxe4 fxe4 46. Rc2 Rb3
47. Kf2 Kg4 48. Ra2 Rc3 49. Ra6 Rc2+ 50. Kf1 h5 51. Rg6+ Kf5 52. Rh6 Kg5 53. Rh8
Rxc4 54. Rg8+ Kf6 55. Kf2 h4 56. Rg4 Rc2+ 57. Kf1 Ke5 58. Rxh4 Rb2 59. Rh5+ Kd6
60. Rh8 Kd5 61. Rd8+ Kc4 62. g4 Rb6 63. Kf2 Rf6+ 64. Kg2 Rf3 65. g5 Rf5 66. Kg3
Rxg5+ 67. Kf4 Rd5 68. Ra8 Rh5 69. Kxe4 Rh4+ 70. Ke5 Kd3 71. Ra3+ Kc2 72. e4 Kb2
73. Ra8 c4 74. Kd4 c3 75. Rb8+ Kc2 76. Rc8 Rh3 77. e5 Kd2 78. e6 Rd3+ 79. Ke4 1/2-1/2

[Event "FIDE World Rapid Team"]
[Site "Almaty KAZ"]
[Date "2024.08.02"]
[Round "2.35"]
[White "Kulon, Klaudia"]
[Black "Nasybullina, Alfia"]
[Result "1-0"]
[WhiteTitle "IM"]
[BlackTitle "WIM"]
[WhiteElo "2415"]
[BlackElo "2034"]
[WhiteTeam "Q4Rail Kingsofchess Krakow"]
[BlackTeam "Greco"]
[WhiteFideId "1131044"]
[BlackFideId "4132416"]
[EventDate "2024.08.02"]

1. c4 e5 2. g3 d6 3. Bg2 g6 4. Nc3 Bg7 5. e3 Ne7 6. Nge2 h5 7. h4 O-O 8. d4 Nd7
9. O-O Nf5 10. Ne4 Qe7 11. Ng5 c6 12. Rb1 Re8 13. d5 c5 14. Nc3 Nf6 15. b4 b6
16. bxc5 bxc5 17. Nce4 Nd7 18. Bh3 Nb6 19. Nd2 f6 20. Ne6 Bxe6 21. dxe6 Qxe6 22.
e4 Nxc4 23. exf5 gxf5 24. Nxc4 Qxc4 25. Qxh5 f4 26. Rb7 Rab8 27. Rc7 Kf8 28. Qg6
Qg8 29. gxf4 Bh6 30. f5 Bxc1 31. Rxc1 Rb4 32. Bg2 Rxh4 33. Qxf6+ 1-0

[Event "FIDE World Rapid Team"]
[Site "Almaty KAZ"]
[Date "2024.08.02"]
[Round "2.37"]
[White "Wageih, Kareim"]
[Black "Tologon tegin, Semetei"]
[Result "1-0"]
[WhiteTitle "IM"]
[BlackTitle "IM"]
[WhiteElo "2402"]
[BlackElo "2337"]
[WhiteTeam "Egypt"]
[BlackTeam "Kyrgyz Chess Academy"]
[WhiteFideId "10604561"]
[BlackFideId "13800574"]
[EventDate "2024.08.02"]

1. d4 g6 2. Nf3 Bg7 3. c3 d6 4. Bf4 Nd7 5. Nbd2 e5 6. Bg3 Ne7 7. dxe5 Nxe5 8.
Nxe5 dxe5 9. e4 Be6 10. Bb5+ Bd7 11. Bc4 O-O 12. O-O Nc6 13. a4 Qe7 14. Qe2 Rad8
15. Rfd1 a5 16. Nf1 Na7 17. Ne3 c6 18. Bb3 Nc8 19. Nc4 b6 20. Rd3 Be6 21. Rad1
Rxd3 22. Qxd3 f6 23. f3 Re8 24. Bf2 Qc7 25. Qc2 Bf8 26. Nxb6 Qf7 27. Bxe6 Qxe6
28. c4 Bb4 29. Nxc8 Rxc8 30. c5 Kg7 31. Rd6 Qe7 32. Qd3 Rc7 33. h4 h5 34. Be3
Qf7 35. Kh2 Qe8 36. Rd8 Qe7 37. Rd6 Qf7 38. Qa6 Qe8 39. Qb6 Qc8 40. Bf2 Kf7 41.
Be3 Kg7 42. Bd2 Rb7 43. Qa6 Bxd2 44. Rxd2 Qc7 45. Rd6 Rxb2 46. Rxc6 Qf7 47. Rb6
Rxb6 48. cxb6 f5 49. Qa7 1-0

[Event "FIDE World Rapid Team"]
[Site "Almaty KAZ"]
[Date "2024.08.02"]
[Round "2.38"]
[White "Erzhanov, Arman"]
[Black "Wafa, Hamed"]
[Result "1/2-1/2"]
[WhiteTitle "FM"]
[BlackTitle "IM"]
[WhiteElo "2114"]
[BlackElo "2345"]
[WhiteTeam "Kyrgyz Chess Academy"]
[BlackTeam "Egypt"]
[WhiteFideId "4138821"]
[BlackFideId "10628452"]
[EventDate "2024.08.02"]

1. e4 e5 2. Nf3 Nc6 3. Bb5 a6 4. Bxc6 dxc6 5. O-O Qf6 6. d4 exd4 7. Bg5 Qd6 8.
Nxd4 Be7 9. Be3 c5 10. Ne2 Qxd1 11. Rxd1 b6 12. Nbc3 Bb7 13. Bf4 Bd8 14. Nd5
Bxd5 15. Rxd5 Nf6 16. Rd3 c4 17. Rd4 b5 18. Ng3 Nd7 19. Rad1 Nc5 20. Rd5 Ne6 21.
Be3 c6 22. Rd7 Bf6 23. b3 cxb3 24. cxb3 O-O 25. f4 Rfd8 26. e5 Be7 27. Nf5 Bf8
28. g3 g6 29. Rxd8 Rxd8 30. Rxd8 Nxd8 31. Nd4 c5 32. Nc2 Nc6 1/2-1/2

[Event "FIDE World Rapid Team"]
[Site "Almaty KAZ"]
[Date "2024.08.02"]
[Round "2.39"]
[White "Hassan, Sayed Barakat"]
[Black "Markov, Mikhail KGZ"]
[Result "1/2-1/2"]
[WhiteTitle "IM"]
[BlackTitle "IM"]
[WhiteElo "2279"]
[BlackElo "2255"]
[WhiteTeam "Egypt"]
[BlackTeam "Kyrgyz Chess Academy"]
[WhiteFideId "10600299"]
[BlackFideId "13800698"]
[EventDate "2024.08.02"]

1. e4 c5 2. Nc3 Nc6 3. Bb5 Nd4 4. Nf3 g6 5. Bc4 Bg7 6. Nxd4 cxd4 7. Qf3 e6 8.
Nb5 d6 9. Qa3 Ke7 10. c3 dxc3 11. dxc3 a6 12. Be2 Rb8 13. Nd4 e5 14. Nf3 Nf6 15.
Nxe5 Nxe4 16. Nd3 b6 17. O-O Re8 18. Nb4 Bb7 19. Bxa6 Kf8 20. Bxb7 Rxb7 21. Be3
Qd7 22. Rad1 Nc5 23. Nd5 Qc6 24. b4 Ne4 25. Qa6 Rbb8 26. Qd3 Nxc3 27. Nxc3 Qxc3
28. Qxd6+ Kg8 29. Bxb6 Bf8 30. Qd4 Qxd4 31. Bxd4 Rxb4 32. Be3 Ra4 33. Rd2 Rea8
34. Rfd1 Rxa2 35. Rxa2 Rxa2 36. g3 Ra8 37. Bg5 Kg7 38. Be3 Be7 39. Bd4+ f6 40.
Be3 Kf7 41. Rd7 Ke6 42. Rb7 h5 43. h4 Ra5 44. Kg2 Rd5 45. Rb6+ Kf7 46. Rb7 g5
47. hxg5 fxg5 48. Kf3 Ke6 49. Rb6+ Bd6 50. Ra6 Kf5 51. Ra7 Be5 52. Rf7+ Kg6 53.
Rf8 Bf6 54. Rc8 Rb5 55. Rc6 Kf5 1/2-1/2

[Event "FIDE World Rapid Team"]
[Site "Almaty KAZ"]
[Date "2024.08.02"]
[Round "2.40"]
[White "Zheenbekov, Nurgazy"]
[Black "Sameh Mohamed, Abdalrahman"]
[Result "0-1"]
[WhiteElo "2124"]
[BlackElo "2259"]
[WhiteTeam "Kyrgyz Chess Academy"]
[BlackTeam "Egypt"]
[WhiteFideId "13800485"]
[BlackFideId "54262674"]
[EventDate "2024.08.02"]

1. Nf3 d5 2. b3 Nf6 3. Bb2 c6 4. g3 Bf5 5. Bg2 e6 6. O-O Nbd7 7. c4 h6 8. d3 Be7
9. Nbd2 O-O 10. Re1 Bh7 11. Ne5 Nxe5 12. Bxe5 Nd7 13. Bb2 Rc8 14. d4 Nf6 15. e4
dxe4 16. Nxe4 Nxe4 17. Bxe4 Bxe4 18. Rxe4 Bf6 19. Qe2 Qa5 20. Rg4 Qf5 21. Rf4
Qg6 22. Re1 Rfe8 23. Re4 Rcd8 24. a4 Re7 25. Bc3 Red7 26. Qe3 c5 27. d5 exd5 28.
Re8+ Kh7 29. Bxf6 Qxf6 30. Qxc5 Rxe8 31. Rxe8 d4 32. Qc8 Qc6 33. Qxc6 bxc6 34.
Kf1 Rb7 35. Rc8 Rxb3 36. Rxc6 Rc3 37. c5 d3 38. Ke1 Rc2 39. Rc7 Kg6 40. Rxa7
Rxc5 41. a5 Re5+ 42. Kd2 Re2+ 43. Kxd3 Rxf2 44. a6 Rxh2 45. Ke3 Rg2 46. Kf3 Ra2
47. Ra8 f6 48. Ke4 Ra3 49. Kf4 h5 50. a7 Ra4+ 51. Kf3 Kg5 52. Kf2 Kg4 53. Kg2
Ra2+ 54. Kf1 Kxg3 55. Rh8 Rxa7 56. Rxh5 Ra1+ 57. Ke2 Kg4 58. Rh7 g5 59. Rc7 f5
60. Kf2 Ra2+ 61. Kg1 f4 62. Rc5 Kh4 63. Rf5 Kg4 64. Rc5 f3 65. Kf1 Kh4 66. Kg1
g4 67. Rc4 Kg3 68. Rc1 Rg2+ 0-1

[Event "FIDE World Rapid Team"]
[Site "Almaty KAZ"]
[Date "2024.08.02"]
[Round "2.41"]
[White "Wafa, Shrook"]
[Black "Samaganova, Aleksandra"]
[Result "1-0"]
[WhiteTitle "WGM"]
[BlackTitle "WFM"]
[WhiteElo "2137"]
[BlackElo "1948"]
[WhiteTeam "Egypt"]
[BlackTeam "Kyrgyz Chess Academy"]
[WhiteFideId "10609970"]
[BlackFideId "13800221"]
[EventDate "2024.08.02"]

1. e4 c5 2. Nf3 e6 3. g3 Nc6 4. Bg2 Nf6 5. Qe2 d5 6. exd5 Nxd5 7. O-O Be7 8. Rd1
Bf6 9. Nc3 O-O 10. Ne4 Qe7 11. Nxf6+ Nxf6 12. d4 cxd4 13. Nxd4 Bd7 14. Bf4 Ne8
15. Rd2 f6 16. Nxc6 Bxc6 17. Bxc6 bxc6 18. Qc4 g5 19. Be3 Qf7 20. Bc5 Rc8 21.
Bxf8 Kxf8 22. Rad1 Rc7 23. Rd8 Kg7 24. h4 h6 25. Kg2 Qe7 26. hxg5 fxg5 27. R8d3
Nf6 28. Re1 Nd5 29. Qd4+ Qf6 30. Rxe6 Qxd4 31. Rxd4 Ne7 32. Rdd6 Nf5 33. Rxc6
Rb7 34. b3 Nd4 35. Rg6+ Kf8 36. Rcf6+ Ke8 37. Rg8+ Ke7 38. Rg7+ Kxf6 39. Rxb7
Nxc2 40. Rxa7 g4 41. a4 h5 42. a5 1-0

[Event "FIDE World Rapid Team"]
[Site "Almaty KAZ"]
[Date "2024.08.02"]
[Round "2.42"]
[White "Tynybekov, Bakyt"]
[Black "Allam, Yara"]
[Result "1-0"]
[BlackTitle "WCM"]
[WhiteElo "1795"]
[BlackElo "1920"]
[WhiteTeam "Kyrgyz Chess Academy"]
[BlackTeam "Egypt"]
[WhiteFideId "13803360"]
[BlackFideId "10615709"]
[EventDate "2024.08.02"]

1. d4 d5 2. c4 c6 3. Nc3 Nf6 4. Bf4 e6 5. c5 Be7 6. h3 O-O 7. Nf3 Nbd7 8. e3 Re8
9. Be2 Bf8 10. O-O h6 11. b4 b6 12. Bh2 Bb7 13. Qc2 Nh7 14. e4 Ndf6 15. Bd3 dxe4
16. Nxe4 Nxe4 17. Bxe4 Nf6 18. Bd3 Nd5 19. a3 Be7 20. Rab1 Rc8 21. Ne5 Bg5 22.
Bh7+ Kf8 23. Be4 Nf6 24. Rfd1 Nxe4 25. Qxe4 Kg8 26. Nc4 Be7 27. Nd6 Bxd6 28.
Bxd6 Qg5 29. Rb3 Qd5 30. Qc2 Qf5 31. Qd2 f6 32. Rf3 Qh5 33. Qd3 Rcd8 34. Re1 Kf7
35. Rfe3 Qd5 36. f4 Bc8 37. g4 h5 38. g5 f5 39. Re5 Qa2 40. Bc7 b5 41. Bxd8 Rxd8
42. g6+ Kxg6 43. Qg3+ Kf7 44. Qg5 Rh8 45. Rxf5+ Ke8 46. Qxg7 1-0

[Event "FIDE World Rapid Team"]
[Site "Almaty KAZ"]
[Date "2024.08.02"]
[Round "2.43"]
[White "Balmagambetov, Timur"]
[Black "von Gleich, Alexander"]
[Result "1/2-1/2"]
[BlackTitle "FM"]
[WhiteElo "2154"]
[BlackElo "2214"]
[WhiteTeam "GMs Kazahhstan"]
[BlackTeam "Chess Dream"]
[WhiteFideId "13730258"]
[BlackFideId "4603869"]
[EventDate "2024.08.02"]

1. e4 c5 2. Nf3 g6 3. d4 cxd4 4. Nxd4 Bg7 5. c4 Nc6 6. Be3 Nf6 7. Nc3 O-O 8. Be2
d6 9. O-O Nxd4 10. Bxd4 Bd7 11. Qd2 Bc6 12. f3 a5 13. b3 Nd7 14. Be3 Nc5 15.
Rab1 Qb6 16. Rfc1 Qb4 17. Nb5 Qxd2 18. Bxd2 f5 19. exf5 gxf5 20. Be3 Rac8 21.
Nd4 f4 22. Bf2 Be8 23. Rd1 Bg6 24. Rbc1 Be5 25. Bf1 Na6 26. Bd3 a4 27. Bxg6 hxg6
28. Nb5 Nb4 29. Rd2 axb3 30. axb3 Ra8 31. Rcd1 Nc6 32. Re2 Rfc8 33. g3 fxg3 34.
hxg3 Kf7 35. Kg2 Rh8 36. Be3 Rh5 37. f4 Bf6 38. Kf3 Rg8 39. Rdd2 g5 40. Rh2 g4+
41. Ke4 Rgh8 42. Rxh5 Rxh5 43. Nc7 Rh3 44. Bf2 Rh2 45. Be3 Rh3 46. Bf2 Rh2 47.
Be3 1/2-1/2

[Event "FIDE World Rapid Team"]
[Site "Almaty KAZ"]
[Date "2024.08.02"]
[Round "2.44"]
[White "Bulatov, Ramil"]
[Black "Amangeldy, Ernur"]
[Result "1/2-1/2"]
[BlackTitle "FM"]
[WhiteElo "2137"]
[BlackElo "2274"]
[WhiteTeam "Chess Dream"]
[BlackTeam "GMs Kazahhstan"]
[WhiteFideId "4166140"]
[BlackFideId "13720244"]
[EventDate "2024.08.02"]

1. d4 Nf6 2. Nf3 g6 3. Bg5 Bg7 4. Nbd2 d5 5. c3 O-O 6. e3 Bf5 7. Be2 Ne4 8. Bf4
c5 9. Nxe4 Bxe4 10. O-O Nd7 11. Ng5 Bf5 12. g4 Be6 13. Bg3 Qb6 14. Qb3 c4 15.
Qxb6 axb6 16. a4 Nf6 17. Nxe6 fxe6 18. Bf3 h6 19. b3 Rfc8 20. Rfb1 Nd7 21. e4
Nf6 22. exd5 Nxd5 23. bxc4 Rxc4 24. Bxd5 exd5 25. Rxb6 Kf7 26. Rxb7 Rcxa4 27.
Rxa4 Rxa4 28. Bd6 Bf6 29. Kg2 Ra2 30. Bf4 Rc2 31. Rc7 Ke6 32. Rc5 Bh4 33. Be3
Ra2 34. Kf3 Rc2 35. h3 Ra2 36. Rc6+ Kf7 37. c4 dxc4 38. Rxc4 Bg5 39. Bxg5 hxg5
40. Rc5 Kf6 41. Rc6+ Kf7 42. Rc5 Kf6 43. Kg3 Ra3+ 44. f3 Rd3 45. Rd5 e6 46. Rd8
Ke7 47. Rg8 Kf7 48. Ra8 1/2-1/2

[Event "FIDE World Rapid Team"]
[Site "Almaty KAZ"]
[Date "2024.08.02"]
[Round "2.45"]
[White "Assylov, Miras"]
[Black "Lysakov, Anton"]
[Result "1-0"]
[WhiteTitle "FM"]
[WhiteElo "2300"]
[BlackElo "1947"]
[WhiteTeam "GMs Kazahhstan"]
[BlackTeam "Chess Dream"]
[WhiteFideId "13728873"]
[BlackFideId "4193750"]
[EventDate "2024.08.02"]

1. e4 e6 2. d4 d5 3. Nc3 Bb4 4. e5 c5 5. a3 Bxc3+ 6. bxc3 Ne7 7. Qg4 Qc7 8. Qxg7
Rg8 9. Qxh7 cxd4 10. Qd3 dxc3 11. Nf3 Nbc6 12. Qxc3 Bd7 13. h4 Rc8 14. Bg5 d4
15. Qc5 b6 16. Qd6 Qxd6 17. exd6 Nd5 18. Ba6 Rb8 19. Bc4 f6 20. Bxd5 fxg5 21.
Be4 gxh4 22. Rxh4 Kf7 23. Bxc6 Bxc6 24. Ne5+ 1-0

[Event "FIDE World Rapid Team"]
[Site "Almaty KAZ"]
[Date "2024.08.02"]
[Round "2.46"]
[White "Minnekhanov, Eldar"]
[Black "Akhilbay, Imangali"]
[Result "0-1"]
[BlackTitle "FM"]
[WhiteElo "1750"]
[BlackElo "2279"]
[WhiteTeam "Chess Dream"]
[BlackTeam "GMs Kazahhstan"]
[WhiteFideId "13705660"]
[BlackFideId "13734857"]
[EventDate "2024.08.02"]

1. e4 e6 2. d3 d5 3. Nd2 Nf6 4. Ngf3 Be7 5. g3 a5 6. Bg2 a4 7. a3 c5 8. O-O Nc6
9. Re1 h6 10. c3 O-O 11. e5 Nh7 12. h4 f6 13. d4 f5 14. Nf1 Bd7 15. Be3 c4 16.
Qd2 Be8 17. Bxh6 gxh6 18. Qxh6 Bf7 19. Ne3 Kh8 20. Bh3 Rg8 21. Nxf5 exf5 22.
Bxf5 Rg7 23. e6 Bg8 24. g4 Qf8 25. Kf1 Qf6 26. Qh5 Bd6 27. Ne5 Nxe5 28. dxe5
Bxe5 29. Bxh7 Rxh7 30. Qxe5 Qxe5 31. Rxe5 Rxh4 32. e7 Rh1+ 33. Kg2 Rxa1 34. e8=Q
Rxe8 35. Rxe8 Rb1 36. Ra8 b5 37. Kg3 Rxb2 38. f4 d4 39. cxd4 c3 40. Rc8 Kg7 41.
f5 c2 42. Rc7+ Kf6 43. Rc6+ Ke7 44. f6+ Kd7 45. Rc5 Bc4 0-1

[Event "FIDE World Rapid Team"]
[Site "Almaty KAZ"]
[Date "2024.08.02"]
[Round "2.47"]
[White "Kaliakhmet, Elnaz"]
[Black "Bozhgulova, Zaynabkhan"]
[Result "1-0"]
[WhiteTitle "WFM"]
[WhiteElo "2137"]
[BlackElo "1605"]
[WhiteTeam "GMs Kazahhstan"]
[BlackTeam "Chess Dream"]
[WhiteFideId "13730169"]
[BlackFideId "13727443"]
[EventDate "2024.08.02"]

1. d4 Nf6 2. c4 g6 3. Nc3 d5 4. cxd5 Nxd5 5. e4 Nxc3 6. bxc3 Bg7 7. Nf3 c5 8.
Bb5+ Bd7 9. Bxd7+ Nxd7 10. O-O O-O 11. Qe2 Qc7 12. Bg5 Rfe8 13. Rac1 Qa5 14.
Rfd1 Rac8 15. e5 cxd4 16. cxd4 e6 17. h4 h6 18. Bf4 Nb6 19. h5 Nd5 20. Bd2 Qa3
21. hxg6 fxg6 22. Qe4 g5 23. Qg6 Qe7 24. Bxg5 hxg5 25. Nxg5 Nf4 26. Qh7+ Kf8 27.
Rxc8 Rxc8 28. Qh4 Ng6 29. Qh5 Qe8 30. Qg4 Rc6 31. Rd3 Ke7 32. Ne4 Rc1+ 33. Kh2
Bxe5+ 34. dxe5 Qh8+ 35. Rh3 Qxe5+ 36. g3 Nf8 37. Rh5 Qa1 38. Qg5+ Kd7 39. Qd2+
Kc7 40. Qd6+ Kc8 41. Qxf8+ Kd7 42. Qd6+ Ke8 43. Qxe6+ Kf8 44. Rf5+ Kg7 45. Qf7+
Kh8 46. Rh5# 1-0

[Event "FIDE World Rapid Team"]
[Site "Almaty KAZ"]
[Date "2024.08.02"]
[Round "2.1"]
[White "Aitbayev, Aslan"]
[Black "Malyi, Viacheslav"]
[Result "1-0"]
[WhiteTitle "IM"]
[BlackTitle "FM"]
[WhiteElo "2380"]
[BlackElo "2391"]
[WhiteTeam "Astana-2"]
[BlackTeam "KRG-Team"]
[WhiteFideId "13704613"]
[BlackFideId "14123983"]
[EventDate "2024.08.02"]

1. e4 e5 2. Nf3 Nc6 3. Bb5 a6 4. Ba4 Nf6 5. O-O b5 6. Bb3 Bc5 7. a4 Rb8 8. c3 d6
9. d4 Bb6 10. a5 Ba7 11. h3 O-O 12. Be3 Ra8 13. Nbd2 Qe7 14. Re1 Nd8 15. Nf1 c5
16. Ng3 g6 17. Bg5 c4 18. Bc2 Re8 19. d5 Kg7 20. Qd2 Nb7 21. Nh2 Qc7 22. Bxf6+
Kxf6 23. Qh6 Ke7 24. Qxh7 Qd8 25. Qh4+ Kd7 26. Qg4+ Kc7 27. Qf3 Qe7 28. b3 cxb3
29. Bxb3 Nc5 30. Bc2 Bd7 31. Ng4 f5 32. exf5 gxf5 33. Nxf5 Bxf5 34. Qxf5 Rf8 35.
Qh7 Rf7 36. Qh6 Raf8 37. Re2 Nd7 38. Qe6 Qg5 39. Rf1 Bc5 40. Kh1 Rf4 41. g3 Rf3
42. Kg2 Rxc3 43. Be4 b4 44. h4 Qg7 45. h5 Nf6 46. Nxf6 Rxf6 47. Qh3 Qg5 48. Bg6
Rf8 49. Qh4 Qxh4 50. gxh4 b3 51. h6 Bd4 52. h7 Kd7 53. Bf7 Rcc8 54. Be6+ Ke7 55.
Bxc8 Rxc8 56. Rb1 b2 57. Rexb2 Bxb2 58. Rxb2 Rh8 59. Rb6 e4 60. Rxa6 1-0

[Event "FIDE World Rapid Team"]
[Site "Almaty KAZ"]
[Date "2024.08.02"]
[Round "2.2"]
[White "Kozhabekov, Adilkhan"]
[Black "Akhmetov, Ayan"]
[Result "0-1"]
[BlackTitle "IM"]
[WhiteElo "1855"]
[BlackElo "2380"]
[WhiteTeam "KRG-Team"]
[BlackTeam "Astana-2"]
[WhiteFideId "13702858"]
[BlackFideId "13703706"]
[EventDate "2024.08.02"]

1. Nf3 c5 2. e4 d6 3. Bb5+ Bd7 4. Bxd7+ Qxd7 5. c4 Nc6 6. O-O g6 7. d4 cxd4 8.
Nxd4 Bg7 9. Be3 Nf6 10. f3 O-O 11. Nc3 Rfc8 12. b3 Qd8 13. Rc1 a6 14. Qd2 Qa5
15. Rfd1 Nxd4 16. Bxd4 b5 17. Bxf6 Bxf6 18. Nd5 Qxd2 19. Nxf6+ Kg7 20. Ne8+ Rxe8
21. Rxd2 Rec8 22. Rdc2 b4 23. c5 Rc6 24. cxd6 Rxd6 25. Kf2 a5 26. Re1 h5 27.
Ree2 h4 28. Ke3 a4 29. Red2 Rxd2 30. Kxd2 Kf6 31. Kd3 h3 32. g3 axb3 33. axb3
Ra1 34. f4 Rg1 35. Ke3 Rb1 36. Kf3 Rxb3+ 37. Kg4 Rc3 38. Rb2 b3 39. Kxh3 Ke6 40.
Kg4 Kd6 41. h4 Kc5 42. e5 Kb4 43. f5 gxf5+ 44. Kf4 Rc2 45. Rb1 Rf2+ 46. Kg5 b2
47. Rh1 Rc2 0-1

[Event "FIDE World Rapid Team"]
[Site "Almaty KAZ"]
[Date "2024.08.02"]
[Round "2.3"]
[White "Akhmedinov, Satbek"]
[Black "Savitskiy, Vladimir"]
[Result "1-0"]
[WhiteTitle "FM"]
[WhiteElo "2379"]
[BlackElo "1893"]
[WhiteTeam "Astana-2"]
[BlackTeam "KRG-Team"]
[WhiteFideId "13714287"]
[BlackFideId "13739999"]
[EventDate "2024.08.02"]

1. e4 c5 2. d4 cxd4 3. Qxd4 Nc6 4. Qd3 e5 5. Nc3 Nf6 6. a3 h6 7. Be3 d6 8. f3
Be7 9. Nge2 Be6 10. Nd5 Bxd5 11. exd5 Nb8 12. c4 Nbd7 13. Ng3 g6 14. Qd2 h5 15.
Bd3 Rc8 16. O-O O-O 17. b4 Re8 18. a4 a6 19. a5 Bf8 20. Ne4 Nh7 21. g4 Ndf6 22.
g5 Nxe4 23. fxe4 Qd7 24. Rf3 Be7 25. Raf1 Rf8 26. h3 Bd8 27. Qg2 Qe7 28. h4 Qd7
29. Be2 Qa4 30. Qf2 Qd7 31. Kh2 Kg7 32. c5 Bc7 33. c6 bxc6 34. dxc6 Qxc6 35.
Rxf7+ Kg8 36. Bd3 Qc3 37. Qa2 Rxf7 38. Qxf7+ Kh8 39. Qd5 Bb8 40. Kg3 Qxb4 41.
Qe6 Qc3 42. Rc1 1-0

[Event "FIDE World Rapid Team"]
[Site "Almaty KAZ"]
[Date "2024.08.02"]
[Round "2.4"]
[White "Magzumov, Damirali"]
[Black "Mazhkenov, Alisher"]
[Result "0-1"]
[WhiteElo "1756"]
[BlackElo "2118"]
[WhiteTeam "KRG-Team"]
[BlackTeam "Astana-2"]
[WhiteFideId "13727117"]
[BlackFideId "13718983"]
[EventDate "2024.08.02"]

1. e4 e6 2. d4 d5 3. Nc3 Nf6 4. e5 Nfd7 5. f4 c5 6. Nf3 Nc6 7. Be3 a6 8. Qd2 b5
9. dxc5 Bxc5 10. O-O-O Qa5 11. Kb1 b4 12. Ne2 Qb6 13. Bxc5 Nxc5 14. Ned4 Ne4 15.
Qe1 Nxd4 16. Nxd4 Bd7 17. g4 Rc8 18. Bg2 Rc4 19. Nb3 Nf2 20. Rf1 Nxd1 21. Qxd1
O-O 22. f5 Qe3 23. Re1 Qf4 24. f6 gxf6 25. exf6 Qxf6 26. g5 Qg7 27. Bf1 Rc7 28.
Bd3 e5 29. Bxa6 Bf5 30. Bd3 Qg6 31. Rxe5 Bxd3 32. Qxd3 Qxd3 33. cxd3 f5 34. gxf6
Rxf6 35. Re1 Rf2 36. Nd4 Rxh2 37. Rg1+ Rg7 38. Rc1 Rgg2 39. Nc2 h5 40. a4 b3 0-1